00801nam a2200217Ia 4500001000700000003000500007008004100012010001100053020001800064040000900082082002100091245009300112260008600205300001100291503004000302504003000342650006400372650005200436700004300488710005200531Z_5671CHAP220113s9999 xx 000 0 und d a168773 a959-7171-12-0 cCHAP a630.20727291 G46 aGénesis y evolución del quehacer científico /cFélix Blanco Godínez...[et al] aCuba :bEDICA; Estación Experimental de Pastos y Forrajes "Indio Hatuey,c  a248 p. aej.1: donación \ ej.2: donación aBibliografía p. 245-248 aAgricultura xx Instituciones de Investigación xx Cuba aEstaciones agrícolas experimentales xx Cuba aBlanco Godínez, Félix, autor y ed. aI. Estación Experimental "Indio Hatuey". Cuba